000 00461cam a2200181ua 4500
001 536
008 110407n ii |||gr||||Z||||||eng
040 _cMAIN
082 _a327.0904
245 _aInternational politics since 1900.
_cBy V. D. Mahajan.
250 _a4th.
260 _aNew Delhi.:
_bS. Chand.,976.
300 _axi, 703 p.:
_c20 cm.
653 _aPolitical science.
653 _aInternational politics.
700 1 _aMahajan, V. D.,
942 _cBK
999 _c474
_d474